书目信息 |
| 题名: |
不生气,你就赢了
|
|
| 作者: | 端木自在 著 | |
| 分册: | ||
| 出版信息: | 南昌 江西美术出版社 2017 |
|
| 页数: | 213页 | |
| 开本: | 21cm | |
| 丛书名: | 读美文库 | |
| 单 册: | ||
| 中图分类: | B842.6-49 | |
| 科图分类: | ||
| 主题词: | 情绪--自我控制--通俗读物 | |
| 电子资源: | ||
| ISBN: | 978-7-5480-4033-0 | |
| 000 | 00864oam2 2200241 450 | |
| 001 | 5654 | |
| 005 | 20180528214030.05 | |
| 010 | @a978-7-5480-4033-0@dCNY26.80 | |
| 100 | @a20170905d2017 em y0chiy50 ea | |
| 101 | 0 | @achi |
| 102 | @aCN@b360000 | |
| 105 | @ay z 000yy | |
| 200 | 1 | @a不生气,你就赢了@9bu sheng qi,ni jiu ying le@f端木自在著 |
| 210 | @a南昌@c江西美术出版社@d2017 | |
| 215 | @a213页@d21cm | |
| 225 | 1 | @a读美文库 |
| 330 | @a本书告诉读者,情绪和脾气人皆有之,我们需要练习直面自己的情绪,把情绪转化为正面能量。按照本书提供的方法,慢慢练习,你将不再经常生气。不生气,就不会伤人伤己;不生气,就不会没了出路;不生气,就不会失去整个世界。 | |
| 461 | 0 | @12001 @a读美文库 |
| 606 | 0 | @a情绪@x自我控制@j通俗读物 |
| 690 | @aB842.6-49@v5 | |
| 701 | 0 | @a端木自在@9duan mu zi zai@4著 |
| 801 | 0 | @aCN@b91MARC@c20170905 |
| 905 | @aMuseLib@dB842.6@e1941 | |
| 不生气,你就赢了/端木自在著.-南昌:江西美术出版社,2017 |
| 213页;21cm.-(读美文库) |
| ISBN 978-7-5480-4033-0:CNY26.80 |
| 本书告诉读者,情绪和脾气人皆有之,我们需要练习直面自己的情绪,把情绪转化为正面能量。按照本书提供的方法,慢慢练习,你将不再经常生气。不生气,就不会伤人伤己;不生气,就不会没了出路;不生气,就不会失去整个世界。 |
| ● |
| 相关链接 |
|
|
|
|
正题名:不生气,你就赢了
索取号:B842.6/1941
 
预约/预借
| 序号 | 登录号 | 条形码 | 馆藏地/架位号 | 状态 | 备注 |
| 1 | 1114168 | 211141682 | 第一借阅区/ [索取号:B842.6/1941] | 在馆 | |
| 2 | 1114169 | 211141691 | 教育系资料室/ [索取号:B842.6/1941] | 在馆 | |
| 3 | 1114170 | 211141708 | 教育系资料室/ [索取号:B842.6/1941] | 在馆 | |
| 4 | 1114171 | 211141717 | 教育系资料室/ [索取号:B842.6/1941] | 在馆 | |
| 5 | 1114172 | 211141726 | 第一借阅区/ [索取号:B842.6/1941] | 在馆 | |
| 6 | 1114173 | 211141735 | 第一借阅区/ [索取号:B842.6/1941] | 在馆 | |
| 7 | 996790 | 209967909 | 第一样本阅览室/ [索取号:B842.6/1941] | 在馆 | |
| 8 | 996791 | 209967918 | 密集书库-史法系/ [索取号:B842.6/1941] | 在馆 | |
| 9 | 996792 | 209967927 | 第一借阅区/ [索取号:B842.6/1941] | 在馆 | |
| 10 | 996793 | 209967936 | 第一借阅区/ [索取号:B842.6/1941] | 在馆 | |
| 11 | 996794 | 209967945 | 第一借阅区/ [索取号:B842.6/1941] | 在馆 | |
| 12 | 996795 | 209967954 | 第一借阅区/ [索取号:B842.6/1941] | 在馆 |